The performance pipeline: getting the right performance at every level of leadership (Record no. 446186)

000 -LEADER
fixed length control field 00353cam a22001097a 4500
008 - FIXED-LENGTH DATA ELEMENTS--GENERAL INFORMATION
fixed length control field 180718b2011 xxu||||| |||| 00| 0 eng d
020 ## - INTERNATIONAL STANDARD BOOK NUMBER
International Standard Book Number 9788126533596
100 ## - MAIN ENTRY--PERSONAL NAME
Personal name Drotter, Stephen
245 ## - TITLE STATEMENT
Title The performance pipeline: getting the right performance at every level of leadership
Statement of responsibility, etc. by Stephen Drotter
260 ## - PUBLICATION, DISTRIBUTION, ETC.
Place of publication, distribution, etc. NJ
Name of publisher, distributor, etc. Jossey-Bass
Date of publication, distribution, etc. 2011
300 ## - PHYSICAL DESCRIPTION
Extent 307p.
Holdings
Withdrawn status Lost status Damaged status Not for loan Permanent Location Current Location Date acquired Full call number Barcode Date last seen Price effective from Koha item type
        Indian Institute of Public Administration Indian Institute of Public Administration 2018-02-27 I51 D838 87390 2018-07-21 2018-07-21 Book

Powered by Koha